The fruit of the spirit: (Record no. 5798)

000 -LEADER
fixed length control field 00679nam a2200193 a 4500
001 - CONTROL NUMBER
control field :::00003540$&:&@@
003 - CONTROL NUMBER IDENTIFIER
control field OkBaRHE
005 - DATE AND TIME OF LATEST TRANSACTION
control field 20100401125004.0
008 - FIXED-LENGTH DATA ELEMENTS--GENERAL INFORMATION
fixed length control field s1976 j 000 0 eng u
040 ## - CATALOGING SOURCE
Transcribing agency
100 1# - MAIN ENTRY--PERSONAL NAME
Personal name Sanderson, John W.
245 14 - TITLE STATEMENT
Title The fruit of the spirit:
Remainder of title a study guide.
260 ## - PUBLICATION, DISTRIBUTION, ETC. (IMPRINT)
Place of publication, distribution, etc Grand Rapids, MI., :
Name of publisher, distributor, etc Zondervan Publishing House
Date of publication, distribution, etc 1976
300 ## - PHYSICAL DESCRIPTION
Extent 189 p. ;
Dimensions 18 cm.
650 ## - SUBJECT ADDED ENTRY--TOPICAL TERM
Topical term or geographic name as entry element Bible New Testament Galatians 5:22-23
General subdivision Criticism, Interpretation, etc.
650 ## - SUBJECT ADDED ENTRY--TOPICAL TERM
Topical term or geographic name as entry element Christian Life
General subdivision Biblical Teaching
942 ## - ADDED ENTRY ELEMENTS (KOHA)
Source of classification or shelving scheme
Koha item type Books
Copies
Copy number Damaged status Full call number Date acquired Source of classification or shelving scheme Permanent Location Lost status Barcode Withdrawn status Price effective from Koha item type Not for loan Shelving location Date last seen
1 BS 2685.2 .S26 19762010-04-14 RHEMA Bible Training College 3540 2010-04-14Books General Stacks2018-04-03